| 000 | 00582nam a2200193Ia 4500 | ||
|---|---|---|---|
| 005 | 20250423094710.0 | ||
| 008 | 250422s9999 xx 000 0 und d | ||
| 020 | _a9780071792806 | ||
| 050 | _aRG 111 .T69/ | ||
| 100 | _aToy C. Eugene | ||
| 245 | 0 | _aCase files: Obstetrics and gynecology | |
| 250 | _a4th ed. | ||
| 260 | _aNew York | ||
| 260 | _bLange Medical Books | ||
| 260 | _c2013 | ||
| 300 | _a540 p | ||
| 650 | _a Gynecology--Examinations, questions, etc. Obstetrics--Examinations, questions, etc. Gynecology--Case studies. Obstetrics--Case studies | ||
| 942 | _cBK | ||
| 999 |
_c28027 _d28027 |
||